| 000 | 00889nas a2200265 4500 | ||
|---|---|---|---|
| 001 | BR2013003234 | ||
| 003 | BR-BrBNA | ||
| 005 | 20231205122232.0 | ||
| 007 | ta | ||
| 008 | 230509b bl.|||p| |||| 00| 00por d | ||
| 040 |
_aBR-BrBNA _bpor _cBiblioteca Nacional de Agricultura |
||
| 041 | _a(Pt) | ||
| 072 | _aK10 | ||
| 100 | 1 | _aMalavasi, U.C. | |
| 100 | 1 | _aGasparino, D. | |
| 100 | 1 | _aMalavasi, M.M. | |
| 245 | 1 | _aSemeadura direta na recomposição vegetal de áreas ciliares: efeitos da sazonalidade, uso do solo, exclusão da predação e profundidade na sobrevivência inicial | |
| 650 | _aSOLO | ||
| 650 | _aSEMEADURA | ||
| 650 | _aCONDIÇÃO AMBIENTAL | ||
| 650 | _aREVEGETAÇÃO | ||
| 773 | 0 |
_tSemina. Ciências Agrárias (Brazil) _xISSN 1676-546X _g(Oct-Dec 2005), v. 26(4) p. 449-454 _wBR2013003234 |
|
| 909 |
_a202311 _bLúcia _c55 _dLúcia Elande |
||
| 942 |
_2AGRIS _n0 _cANA |
||
| 999 |
_c227609 _d227609 |
||